000 02701nam0a2200361 4500
001 RU\NLR\BIBL_A\022184307
005 20240613104716.0
010 _a978-5-907655-81-2
_9300
021 _aRU
_bКН-П-24-010736
_9КН-П-24-1105
035 _a(NLR Aleph) 022184307
090 _a12992549
_c12992549
100 _a20240401d2023 u y0rusy50 ca
101 0 _arus
102 _aRU
105 _ay j 000yy
181 0 _ai
_baxxe
182 0 _an
200 1 _aИстория Русской православной церкви на уроках истории
_eучебно-методическое пособие
_fВ. Н. Томилин, Т. С. Кравцова
_gМинистерство просвещения Российской Федерации, Федеральное государственное бюджетное образовательное учреждение высшего образования "Липецкий государственный педагогический университет имени П. П. Семенова-Тян-Шанского", Институт истории, права и общественных наук, Кафедра отечественной и всеобщей истории, Муниципальное бюджетное общеобразовательное учреждение Средняя общеобразовательная школа №4 г. Грязи Грязинского мунициаипального района Липецкой области
203 _aТекст
_bвизуальный
_cнепосредственный
210 _aЛипецк
_cЛГПУ им. П. П. Семенова-Тян-Шанского
_d2023
215 _a99 с.
_d20
320 _aБиблиогр. в конце разд.
601 0 2 _aРусская православная церковь
_jУчебно-методические пособия для высших учебных заведений
_xИстория
_xИзучение в школе
_92591296
_3RU\NLR\AUTH\6601741138
601 0 2 _aРусская православная церковь
_jУчебные издания для высших учебных заведений
_xИстория
_9910901
_3RU\NLR\AUTH\6612924
686 1 _aЧ426.31-1я73
686 2 _aЭ372.24-3я73
700 1 _aТомилин
_bВ. Н.
_cд-р ист. наук
_f1958-
_gВиктор Николаевич
_9180755
_3RU\NLR\AUTH\770180806
701 1 _aКравцова
_bТ. С
_gТатьяна Сергеевна
942 _cBOOK
980 _aNB